Confronting environmental change in East & Southeast Asia : eco-politics, foreign policy and sustainable development

Bibliographic Details
Other Authors: Harris, Paul G.
Format: Book
Published: New York : United Nations University Press , c2005.
Subjects:

MARC

LEADER 00000cam a2200000 7i4500
001 0000003286
005 20050819.0
020 0 0 |a 9280811134 
090 0 0 |a 333.72095   |b CON 
245 1 0 |a Confronting environmental change in East & Southeast Asia :   |b eco-politics, foreign policy and sustainable development   |c edited by Paul G. Harris. 
260 0 0 |a New York :   |b United Nations University Press ,   |c c2005. 
300 |a xviii, 269 p. :   |b ill. ;   |c 24 cm. 
650 0 0 |a Environmental management   |z Asia, Southeastern 
650 0 0 |a Environmental management   |z East Asia. 
650 0 0 |a Environmental policy   |z Asia, Southeastern. 
650 0 0 |a Environmental policy   |z East Asia 
650 0 0 |a Sustainable development   |z Asia, Southeastern 
650 0 0 |a Sustainable development   |z East Asia. 
700 1 1 |a Harris, Paul G. 
999 |a 0000006235   |b Monograph   |c Open Shelf   |e Default branch